000 00515nam a2200193 i 4500
001 bgj
100 1 _aMCGUGAN, Sally
245 1 0 _aSparks :
_bphotocopy masters book /
_cSally McGugan.
260 _aOxford :
_bOxford University Press,
_c2005.
300 _aIII, 22 pp :
_bill. ;
_c30 cm.
650 9 _aEnglish language
655 _aTextbooks for foreigners
020 _a0194396762
040 _cBPK
041 0 _aeng
920 _a0-19-439676-2
942 _cKS
008 s uk f |000 0 eng
999 _c48949
_d48949
856 _uhttp://koha.tu.koszalin.pl/cgi-bin/koha/opac-detail.pl?biblionumber=48949
_yKatalog online BPK